书目信息 |
| 题名: |
罗店民俗版画教程
|
|
| 作者: | 金云华 , 桑茂林 编著 | |
| 分册: | ||
| 出版信息: | 上海 上海交通大学出版社 2020.4 |
|
| 页数: | 92页 | |
| 开本: | 29cm | |
| 丛书名: | ||
| 单 册: | ||
| 中图分类: | J217 | |
| 科图分类: | ||
| 主题词: | 版画技法--教材 | |
| 电子资源: | ||
| ISBN: | 978-7-313-23059-1 | |
| 000 | 00893nam0 2200265 45 | |
| 001 | 012001001454 | |
| 005 | 20130912132230.0 | |
| 010 | @a978-7-313-23059-1@dCNY58.00 | |
| 099 | @aCAL 012020171107 | |
| 100 | @a20200701d2020 em y0chiy0110 ea | |
| 101 | 0 | @achi |
| 102 | @aCN@b310000 | |
| 105 | @aa a 000yy | |
| 106 | @ar | |
| 200 | 1 | @a罗店民俗版画教程@Aluo dian min su ban hua jiao cheng@f金云华, 桑茂林编著 |
| 210 | @a上海@c上海交通大学出版社@d2020.4 | |
| 215 | @a92页@c彩图@d29cm | |
| 320 | @a有书目 (第92页) | |
| 330 | @a本书分五章, 内容包括: 罗店民俗版画的传承与创新、黑白木刻创作罗店民俗版画、黑白木刻的画理与创作、木版水印创作罗店民俗版画、吹塑版画创作罗店民俗版画。 | |
| 606 | 0 | @a版画技法@j教材 |
| 690 | @aJ217@v5 | |
| 701 | 0 | @a金云华@Ajin yun hua@4编著 |
| 701 | 0 | @a桑茂林@Asang mao lin@4编著 |
| 801 | @aCN@b江苏凤凰@c20211018 | |
| 905 | @b1343563-6@dJ217@e1361@f4 | |
| 罗店民俗版画教程/金云华, 桑茂林编著.-上海:上海交通大学出版社,2020.4 |
| 92页:彩图;29cm |
| ISBN 978-7-313-23059-1:CNY58.00 |
| 本书分五章, 内容包括: 罗店民俗版画的传承与创新、黑白木刻创作罗店民俗版画、黑白木刻的画理与创作、木版水印创作罗店民俗版画、吹塑版画创作罗店民俗版画。 |
| ● |
| 相关链接 |
|
|
|
|
正题名:罗店民俗版画教程
索取号:J217/1361
 
预约/预借
| 序号 | 登录号 | 条形码 | 馆藏地/架位号 | 状态 | 备注 |
| 1 | 1343563 | 213435638 | 第一样本阅览室/ [索取号:J217/1361] | 在馆 | |
| 2 | 1343564 | 213435647 | 第一借阅区/ [索取号:J217/1361] | 在馆 | |
| 3 | 1343565 | 213435656 | 第一借阅区/ [索取号:J217/1361] | 在馆 | |
| 4 | 1343566 | 213435665 | 第一借阅区/ [索取号:J217/1361] | 在馆 |